| 000 | 00393nam a22001577a 4500 | ||
|---|---|---|---|
| 003 | SGT | ||
| 020 | _a9781032752914 | ||
| 082 |
_a617.525 _bB24B |
||
| 100 | _aBrennah, Peter A. | ||
| 245 | _aBailey & Love's Essential Operations in Oral & Maxillofacial Surgery | ||
| 250 | _a1st | ||
| 260 |
_bCRC Press _c2024 |
||
| 300 | _a578 | ||
| 650 | _aOral & Maxillofacial Surgery | ||
| 942 |
_2ddc _cBK |
||
| 999 |
_c26812 _d26812 |
||